000 01147nam a2200361 a 4500
001 000109113
003 CHAP
005 20220329144038.0
008 140403s1968 sp a |r| |||||||spa d
010 _a105575
011 _a106547
040 _cCHAP
090 _aFolleto 18413
100 1 _aCervantes Gómez, Miguel
_9126244
245 1 3 _aEl chirimoyo /
_cpor Miguel Cervantes Gómez.
260 _aMadrid :
_bPublicaciones de Capacitación Agraria :
_bMinisterio de Agricultura,
_c1968.
300 _a42 p. :
_bil.
490 1 _aSerie técnica
_v; 31
590 _aE5995AHE
_b05
_c20140403
_lUCH01
_h1409
590 _aE5995AHE
_b05
_c20140403
_lUCH01
_h1411
590 _aE5995AHE
_b05
_c20140403
_lUCH01
_h1412
590 _aE5995AHE
_b05
_c20140403
_lUCH01
_h1418
590 _aE5995AHE
_b05
_c20140403
_lUCH01
_h1420
590 _aE5995AHE
_b05
_c20140409
_lUCH01
_h1401
650 4 _aChirimoya
_xEnfermedades.
_922610
650 4 _aChirimoya
_xPlagas.
_922619
650 4 _aChirimoya
_xVariedades.
_922620
650 4 _aChrimoya
_xInjertos.
_922897
830 0 _aSerie técnica
_v; 31
_9105056
901 _aBK
942 _cFOLL
942 _n0
999 _c105575
_d105575